000 00303nam a22001337a 4500
008 170619b xxu||||| |||| 00| 0 eng d
020 _a9780321044938
041 _aeng
080 _a32
100 _a20
101 _ashp
245 _aUNDERSTANDING THE PRESIDENCY
_cDAVIDSON.R.H
942 _2udc
_cBK
999 _c17985
_d17985